Microeconomics / (Record no. 1893)
[ view plain ]
| 000 -LEADER | |
|---|---|
| fixed length control field | 01884cam a22001814a 4500 |
| 020 ## - INTERNATIONAL STANDARD BOOK NUMBER | |
| ISBN | 0072317949 (alk. paper) |
| 050 00 - CALL NUMBER | |
| Classification number | HB172 |
| Item number | .C558 |
| 100 1# - AUTHOR | |
| Personal name | Colander, David C. |
| 245 10 - TITLE | |
| Title | Microeconomics / |
| Statement of responsibility, etc | David C. Colander. |
| 250 ## - EDITION | |
| Edition statement | 3th ed. |
| 260 ## - PUBLICATION INFORMATION | |
| Place of publication | Boston, Mass. : |
| Name of publisher | Irwin/McGraw-Hill |
| Year of publication | 2001. |
| 300 ## - DESCRIPTION | |
| Number of Pages | 1 v. (various pagings) : |
| Other physical details | col. ill. ; |
| Dimensions | 26 cm. |
| 500 ## - NOTES | |
| General note | A multi-media instructional package with related Website is available to supplement the text. |
| 500 ## - NOTES | |
| General note | Includes index. |
| 505 ## - FORMATTED CONTENTS NOTE | |
| Table of Content | I: Introduction: Thinking Like An Economist<br/>Chapter 1. Economics and Economic Reasoning <br/>Chapter 2. The Economic Organization of Society<br/>Chapter 3. The U.S. Economy in a Global Setting <br/>Chapter 4. Supply and Demand <br/>Chapter 5. Using Supply and Demand <br/><br/>II: Microeconomics<br/>I: Microeconomics: The Basics<br/>Chapter 6. Describing Supply and Demand : Elasticities <br/>Chapter 7.Taxation and Government Intervention <br/>II: Foundation of Supply and Demand<br/>Chapter 8. The Logic of Individual Choice : The Foundation of Supply and Demand <br/>Chapter 9. Production and cost analysis 1 <br/>Chapter 10. Production and cost analysis 2<br/><br/>III: Market Structure and Policy <br/>Chapter 11. Perfect Competition <br/>Chapter 12. Monopoly<br/>Chapter 13. Monopolistic Competition, Oligopoly, and Strategic Pricing <br/>Chapter 14. Globalization, Technology, and Real-World Competition<br/><br/>IV: Applying Economic Reasoning to Policy <br/>Chapter 15. Government Policy and Market Failures <br/>Chapter 16. Antitrust Policy and Regulation <br/>Chapter 17. Microeconomics Policy, Economic Reasoning and Beyond <br/><br/>V: Policy Issues In Depth<br/>Chapter 18. Politics and Economics : The Case of Agricultural Markets <br/>Chapter 19. International Trade Policy<br/><br/>VI: Factor Markets<br/>Chapter 20. Who Gets what? : The Distribution of Income <br/>21. Work and the Labor Market. |
| 650 #0 - SUBJECTS | |
| Topical Term | Microeconomics. |
| 942 ## - ADDED ENTRY ELEMENTS (KOHA) | |
| Koha item type | Books |
| Withdrawn status | Lost status | Home library | Current library | Shelving location | Date acquired | Full call number | Accession Number | Koha item type |
|---|---|---|---|---|---|---|---|---|
| Methodist University Library Tema | Methodist University Library Tema | General Stacks | 22/06/2004 | HB172 .C558 | 22681 | Books | ||
| Methodist University Library Tema | Methodist University Library Tema | General Stacks | 22/06/2004 | HB172 .C558 | 22674 | Books |